|
|
|
|
| LEADER |
00000nab a2200000 a 4500 |
| 001 |
vtls000537089 |
| 003 |
SK-MaSNL |
| 005 |
20260304083522.0 |
| 008 |
250425c1994 xo 0 slo |
| 015 |
|
|
|a SNBRB19rr/mm-uuuuu
|
| 035 |
|
|
|a CL0537227
|
| 035 |
|
|
|a urn:nbn:sk:snk-abep5m
|
| 035 |
|
|
|a (urnnbn)urn:nbn:sk:snk:ar-006yv6
|
| 035 |
|
|
|a (uuid)97b87e50-1c79-42f1-99c2-b81cb264c539
|
| 040 |
|
|
|a SNKBUCL
|b slo
|c SNKBUCL
|e AACR2
|
| 041 |
0 |
|
|a slo
|
| 044 |
|
|
|a xo
|c SK
|
| 080 |
|
|
|a 631(437.6):351.823.1:343.77
|2 1981
|
| 080 |
|
|
|a 351.823.1
|2 1981
|
| 080 |
|
|
|a 343.77
|2 1981
|
| 080 |
|
|
|a 340.13
|2 1981
|
| 100 |
1 |
|
|a Adača, Štefan
|4 aut
|9 993388
|
| 245 |
1 |
0 |
|a Chotáre budú bezpečnejšie
|b Ustanovenie poľnej stráže
|c Štefan Adača
|
| 650 |
0 |
7 |
|a poľnohospodárstvo
|2 snkbucl
|9 679
|
| 650 |
0 |
7 |
|a stráž poľná
|2 snkbucl
|9 986550
|
| 650 |
0 |
7 |
|a Zákon NR SR o poľnej stráži
|2 snkbucl
|9 986551
|
| 655 |
|
7 |
|a články z novín a časopisov
|2 snkbucl
|9 267496
|
| 773 |
0 |
|
|t Poľovníctvo a rybárstvo
|g Roč. 46, č. 12 (1994), s. 19
|x 0231-8768
|
| 850 |
|
|
|a Slovenská národná knižnica
|
| 852 |
|
|
|a Slovenská národná knižnica
|
| 954 |
|
|
|a odborná, vedecká literatúra pôvodná (slovenská)
|2 lita
|
| 958 |
|
|
|a article27
|
| 958 |
|
|
|a RK
|
| 958 |
|
|
|a OND
|
| 958 |
|
|
|a EUIPO
|
| 992 |
|
|
|a RBX
|
| 999 |
|
|
|c 2800749
|d 2802679
|